书目信息 |
| 题名: |
美国扩张与发展史话
|
|
| 作者: | 卡尔金斯 , Calkins 著 ;王岱 译 | |
| 分册: | ||
| 出版信息: | 北京 人民出版社 1984 |
|
| 页数: | 288页 | |
| 开本: | 19cm | |
| 丛书名: | ||
| 单 册: | ||
| 中图分类: | K712.0 | |
| 科图分类: | ||
| 主题词: | 历史--美国 | |
| 电子资源: | ||
| ISBN: | ||
| 000 | 00773nam0 2200277 45 | |
| 001 | 0184001853 | |
| 005 | 20030101004814.6 | |
| 010 | @dCNY1.10 | |
| 091 | @a11001.669 | |
| 100 | @a19951106d1984 em y0chiy0121 ea | |
| 101 | 1 | @achi@ceng |
| 102 | @aCN@b110000 | |
| 105 | @ay z 000yy | |
| 106 | @ar | |
| 200 | 10 | @a美国扩张与发展史话@Amei guo kuo zhang yu fa zhan shi hua@f(美)卡尔金斯(Calkins,C.C.)著@g王岱等译 |
| 210 | @a北京@c人民出版社@d1984 | |
| 215 | @a288页@d19cm | |
| 606 | @a历史@y美国 | |
| 607 | @a美国@x历史 | |
| 690 | @aK712.0@v3 | |
| 701 | 1 | @a卡尔金斯@bC.C.@4著@Aka er jin si |
| 701 | A1 | @aCalkins@bC.C.@4著 |
| 702 | 0 | @a王岱@4译@Awang dai |
| 801 | 0 | @aCN@b深圳图书馆@c20040510 |
| 801 | 2 | @aCN@bNLC@c20040510 |
| 905 | @dK712.0@e10@f1@b134116 | |
| 美国扩张与发展史话/(美)卡尔金斯(Calkins,C.C.)著/王岱等译.-北京:人民出版社,1984 |
| 288页;19cm |
| ISBN :CNY1.10 |
| ● |
| 相关链接 |
|
|
|
|
正题名:美国扩张与发展史话
索取号:K712.0/10
 
预约/预借
| 序号 | 登录号 | 条形码 | 馆藏地/架位号 | 状态 | 备注 |
| 1 | 0134116 | 001413410 | 第二借阅区/ [索取号:K712.0/10] | 在馆 | |
| 2 | 0134117 | 001413456 | 第二借阅区/ [索取号:K712.0/10] | 在馆 | |
| 3 | 0134118 | 001413492 | 第二样本阅览室/ [索取号:K712.0/10] | 在馆 |